| 000 | 00557nam a2200181Ia 4500 | ||
|---|---|---|---|
| 001 | 3266 | ||
| 005 | 20260306144908.0 | ||
| 008 | 260306t1994||||xx |||||||||||||| ||spa|| | ||
| 041 | _aESP | ||
| 082 |
_a262.91 _bJ81T |
||
| 100 |
_aJuan Pablo II, Papa _eAUT |
||
| 245 | 0 | _aCarta apostólica Tertio Millennio Adveniente del Sumo Pontífice Juan Pablo II al episcopado, al clero y a los fieles como preparación del jubileo del año 2000 | |
| 260 | _c1994 | ||
| 300 |
_a69 páginas : _c20 cm. |
||
| 650 | _aGEN | ||
| 654 | _aCHU | ||
| 942 |
_cLIB _dJUS _fJUS _2ddc _n |
||
| 999 |
_c3266 _d3266 |
||